Advanced Engineering Mathmatics (Record no. 141134)

MARC details
000 -LEADER
fixed length control field 00354nam a2200145Ia 4500
008 - FIXED-LENGTH DATA ELEMENTS--GENERAL INFORMATION
fixed length control field 230917s9999||||xx |||||||||||||| ||und||
040 ## - CATALOGING SOURCE
-- 127963
Original cataloging agency VIVEKANANDA LIBRARY
041 ## - Language
-- English
082 ## - DDC NUMBER
Classification number 510.2462 J199A
100 ## - MAIN ENTRY--PERSONAL NAME
Personal name Jain, R.K.
245 #0 - TITLE STATEMENT
Title Advanced Engineering Mathmatics
260 ## - PUBLICATION, DISTRIBUTION, ETC. (IMPRINT)
Place of publication, distribution, etc New Delhi
Name of publisher, distributor, etc Narosa
Date of publication, distribution, etc 2006
300 ## - PHYSICAL DESCRIPTION
Pages 1136p. p.
942 ## - ADDED ENTRY ELEMENTS (KOHA)
Koha item type Books
Holdings
Withdrawn status Lost status Damaged status Not for loan Location (home branch) Sublocation or collection (holding branch) Shelving location Date acquired Koha issues (times borrowed) Koha full call number Accession No. Koha date last seen Koha item type Source of classification or shelving scheme
        VIVEKANANDA LIBRARY VIVEKANANDA LIBRARY UIET Library 26/01/2010   510.2462 J199A 246160 17/09/2023 Books  
        VIVEKANANDA LIBRARY VIVEKANANDA LIBRARY UIET Library 26/01/2010   510.2462 J199A 246161 17/09/2023 Books  
        VIVEKANANDA LIBRARY VIVEKANANDA LIBRARY UIET Library 26/01/2010   510.2462 J199A 246162 17/09/2023 Books  
        VIVEKANANDA LIBRARY VIVEKANANDA LIBRARY UIET Library 26/01/2010   510.2462 J199A 246163 17/09/2023 Books  
        VIVEKANANDA LIBRARY VIVEKANANDA LIBRARY UIET Library 26/01/2010 1 510.2462 J199A 246164 16/06/2025 Books  
        VIVEKANANDA LIBRARY VIVEKANANDA LIBRARY UIET Library 26/01/2010   510.2462 J199A 246165 17/09/2023 Books  
        VIVEKANANDA LIBRARY VIVEKANANDA LIBRARY UIET Library 26/01/2010   510.2462 J199A 246166 17/09/2023 Books  
        VIVEKANANDA LIBRARY VIVEKANANDA LIBRARY UIET Library 26/01/2010   510.2462 J199A 246167 17/09/2023 Books  
Withdrawn Lost and paid for     VIVEKANANDA LIBRARY VIVEKANANDA LIBRARY   26/01/2010   510.2462 J199A 246168 17/09/2023 Books Dewey Decimal Classification
        VIVEKANANDA LIBRARY VIVEKANANDA LIBRARY UIET Library 26/01/2010   510.2462 J199A 246169 17/09/2023 Books  
        VIVEKANANDA LIBRARY VIVEKANANDA LIBRARY UIET Library 26/01/2010   510.2462 J199A 246170 17/09/2023 Books  
        VIVEKANANDA LIBRARY VIVEKANANDA LIBRARY UIET Library 26/01/2010   510.2462 J199A 246171 17/09/2023 Books  
        VIVEKANANDA LIBRARY VIVEKANANDA LIBRARY UIET Library 26/01/2010   510.2462 J199A 246172 17/09/2023 Books  
        VIVEKANANDA LIBRARY VIVEKANANDA LIBRARY UIET Library 26/01/2010   510.2462 J199A 246173 17/09/2023 Books  
        VIVEKANANDA LIBRARY VIVEKANANDA LIBRARY UIET Library 26/01/2010   510.2462 J199A 246174 17/09/2023 Books  
© Designed and Maintained by Vivekananda Library, MDU Rohtak